Biodiversidad y territorio: innovación para la gestión adaptativa frente al cambio global : (Registro nro. 9049)
[ vista simple ]
| 000 -CABECERA | |
|---|---|
| Campo de control | 01352nam a22002777a 4500 |
| 005 - FECHA Y HORA DE LA ULTIMA TRANSACCION | |
| Campo de control | 20171004095312.0 |
| 008 - ELEMENTOS DE LONGITUD FIJA—INFORMACION GENERAL | |
| Campo de control | 130308s2011 ck a gr 00010 spa d |
| 015 ## - NATIONAL BIBLIOGRAPHY NUMBER | |
| National bibliography number | ck-2011-xxxx |
| 020 ## - ISBN | |
| ISBN | 9789588343631 |
| 040 ## - FUENTE DE CATALOGACIÓN | |
| Agencia catalogadora original | CO-BoBLA |
| Agencia transcriptora | CO-BoBLA |
| Agencia Modificadora | Co-BoIAVH |
| 041 0# - IDIOMA | |
| Código de idioma para texto/pista de sonido o título separado | Español |
| 044 ## - PAÍS DE PUBLICACIÓN | |
| País de publicación | Colombia |
| 082 04 - NUMERO DE CLASIFICACION DECIMAL DEWEY | |
| Número de clasificación | 333.72 |
| Número del ítem | A55b |
| 100 1# - ASIENTO PRINCIPAL--NOMBRE PERSONAL | |
| Nombre personal | Andrade, Germán I. |
| 245 10 - MENCION DE TITULO | |
| Título | Biodiversidad y territorio: innovación para la gestión adaptativa frente al cambio global : |
| Parte restante del título | insumos técnicos para el Plan de Acción Nacional para la Gestión Integral de la Biodiversidad y los Servicios Ecosistémicos / |
| Mención de responsabilidad | Germán Ignacio Andrade, Juan Carlos Sandino, Juanita Aldana-Dom�inguez. |
| 260 ## - PUBLICACION, DISTRIBUCION, ETC. (PIE DE IMPRENTA) | |
| Lugar de publicación, distribución, etc. | Bogotá : |
| Nombre del editor, distribuidor, etc. | Ministerio de Ambiente, Vivienda y Desarrollo Territorial ; |
| -- | Instituto de Investigación de Recursos Biológicos Alexander von Humboldt, |
| Fecha de publicación, distribución, etc. | 2011. |
| 300 ## - DESCRIPCION FISICA | |
| Extensión | 64 p. : |
| Otros detalles físicos | il. ; |
| Dimensiones | 22 cm. |
| 504 ## - NOTA DE BIBLIOGRAFIA, ETC. | |
| Nota de bibliografía | Incluye referencias bibliográficas (p.59-64) |
| 650 #6 - ASIENTO SECUNDARIO DE MATERIA - TERMINO TEMATICO | |
| Término temático o nombre geográfico como elemento de entrada | Diversidad biológica |
| Subdivisión geográfica | Colombia. |
| 650 ## - ASIENTO SECUNDARIO DE MATERIA - TERMINO TEMATICO | |
| Término temático o nombre geográfico como elemento de entrada | Diversidad biológica |
| Subdivisión general | Política gubernamental |
| Subdivisión geográfica | Colombia. |
| 650 #4 - ASIENTO SECUNDARIO DE MATERIA - TERMINO TEMATICO | |
| Término temático o nombre geográfico como elemento de entrada | Conservación de los recursos naturales |
| Subdivisión general | Política gubernamental |
| Subdivisión geográfica | Colombia. |
| 650 #4 - ASIENTO SECUNDARIO DE MATERIA - TERMINO TEMATICO | |
| Término temático o nombre geográfico como elemento de entrada | Cambios climáticos |
| 700 1# - ASIENTO SECUNDARIO - NOMBRE PERSONAL | |
| Nombre personal | Aldana-Domínguez, Juanita. |
| 700 1# - ASIENTO SECUNDARIO - NOMBRE PERSONAL | |
| Nombre personal | Sandino, Juan Carlos. |
| 942 ## - ELEMENTOS ADICIONALES (KOHA) | |
| Sistema de clasificación | Dewey Decimal Classification |
| Tipo de ítem | Libro |
| Koha issues (borrowed), all copies | 1 |
| Withdrawn status | Lost status | Sistema de Clasificación | Damaged status | No para préstamo | Colección | Inventariado | Ubicación Permanente | Ubicación actual | Fecha de adquisición | Fuente de Valor | Valor | Total Checkouts | Número topográfico | Inventario / Código de Barras | Date last seen | Date checked out | Ejemplar | Price effective from | Forma de adquisición | Tipo de material |
|---|---|---|---|---|---|---|---|---|---|---|---|---|---|---|---|---|---|---|---|---|
| Dewey Decimal Classification | Humboldt | Inventariado 2017 | Bogotá | Bogotá | 04/02/2015 | Instituto | 39000.00 | 1 | IAVH-333.72 A55b | 038648 | 22/09/2017 | 22/09/2017 | Ej. 1 | 04/02/2015 | Institucional | Libro | ||||
| Dewey Decimal Classification | Humboldt | Inventariado 2017 | Bogotá | Bogotá | 17/02/2015 | Instituto | 39000.00 | IAVH-333.72 A55b | 038802 | 17/02/2015 | Ej. 2 | 17/02/2015 | Institucional | Libro | ||||||
| Dewey Decimal Classification | Humboldt | Bogotá | Bogotá | 26/11/2019 | IAVH-333.72 A55b | 043831 | 26/11/2019 | Ej.3 | 26/11/2019 | Institucional | Libro |